000
00299cam a22001097a 4500
008
180718b1965 xxu||||| |||| 00| 0 eng d
082
_a
N4x42 Un3c
245
_a
Report of inquiry
_c
by A. E. James
260
_a
London
_b
Her Majesty's Stationery Office
_c
1965
300
_a
171p.
700
_a
James, A. E.
999
_c
410988
_d
410988